000 00523nam a22001697a 4500
003 IT-RoPau
005 20220918175939.0
008 130130b xxu||||| |||| 00| 0 eng d
040 _cIT-RoPau
100 _aFamiglia Paolina
_998
245 _aAgenda Paolina 2003
_bcon riflessioni quotidiane dagli scritti del Venerabile Don Giacomo Alberione
250 _a1° ed.
260 _aRoma
_bSegreteria Generale della Società San Paolo
_c2002
300 _apagine non numerate
_c15 cm
490 _aEd. SSP
942 _2ddc
_cBK
999 _c37900
_d37900